[Event "Heinola Suomi 100 ottelu Vierumaki"]
[Site "Heinola"]
[Date "2017.11.18"]
[Round "3"]
[White "Jarvenpaa, Jari"]
[Black "Beznosikov, Vladimir"]
[Result "1-0"]
[WhiteElo "2290"]
[BlackElo "2258"]
[PlyCount "109"]
[EventDate "2017.11.17"]
[EventType "swiss"]
[EventRounds "3"]
[EventCountry "FIN"]
[SourceTitle "EXT 2022"]
[Source "ChessBase"]
[SourceDate "2021.10.06"]
[SourceVersion "1"]
[SourceVersionDate "2021.10.06"]
[SourceQuality "1"]

1. e4 Nf6 2. e5 Nd5 3. d4 d6 4. Nf3 g6 5. c4 Nb6 6. exd6 cxd6 7. Nc3 Bg7 8. Be2 Nc6 9. d5 Na5 10. Bd2 0-0 11. b3 Bg4 12. Ne4 Bxf3 13. gxf3 Naxc4 14. bxc4 Bxa1 15. Qxa1 f6 16. h4 Rc8 17. Ba5 Qd7 18. Bxb6 axb6 19. a4 Ra8 20. Nc3 Qf5 21. Qc1 b5 22. axb5 Ra5 23. 0-0 Qh3 24. Qf4 Rfa8 25. Qg4 Qxg4+ 26. fxg4 Ra3 27. Rc1 b6 28. Kg2 Kf7 29. Nd1 Ra2 30. Kf3 R8a3+ 31. Nc3 f5 32. gxf5 gxf5 33. Ke3 Kf6 34. f4 Rb2 35. Kd3 Rba2 36. h5 h6 37. Rc2 Ra1 38. Kd2 Ra8 39. Rc1 Rxc1 40. Kxc1 Rg8 41. Kd2 Kf7 42. Na4 Rb8 43. Ke3 Ke8 44. Bd3 Kd7 45. Bxf5+ Kc7 46. Nc3 Ra8 47. Ne2 Ra3+ 48. Bd3 Ra8 49. Nd4 Rg8 50. Kf3 Kd7 51. Bf5+ Kd8 52. Bg4 Kc7 53. Nf5 Ra8 54. Nxh6 Kd8 55. Nf7+ 1-0

[Event "Heinola Suomi 100 ottelu Vierumaki"]
[Site "Heinola"]
[Date "2017.11.17"]
[Round "1"]
[White "Puusepp, Kaimar"]
[Black "Beznosikov, Vladimir"]
[Result "0-1"]
[WhiteElo "2021"]
[BlackElo "2258"]
[PlyCount "62"]
[EventDate "2017.11.17"]
[EventType "swiss"]
[EventRounds "3"]
[EventCountry "FIN"]
[SourceTitle "EXT 2022"]
[Source "ChessBase"]
[SourceDate "2021.10.06"]
[SourceVersion "1"]
[SourceVersionDate "2021.10.06"]
[SourceQuality "1"]

1. Nf3 Nf6 2. c4 g6 3. Nc3 c5 4. g3 Bg7 5. Bg2 0-0 6. 0-0 d5 7. cxd5 Nxd5 8. a3 Nc6 9. Qc2 Nc7 10. d3 b6 11. Rb1 Bb7 12. e3 Rc8 13. b4 cxb4 14. axb4 Nxb4 15. Rxb4 Nd5 16. Rc4 Rxc4 17. dxc4 Nxc3 18. Nd4 Bxg2 19. Kxg2 Bxd4 20. exd4 Qxd4 21. Re1 Qxc4 22. Rxe7 b5 23. Rxa7 b4 24. Bb2 Qd5+ 25. Kg1 Qf3 26. Re7 Rd8 27. Re1 h5 28. h4 Kf8 29. Kh2 Re8 30. Rxe8+ Kxe8 31. Bc1 Qe2 0-1

[Event "Chigorin Memorial 23rd"]
[Site "St Petersburg"]
[Date "2015.10.10"]
[Round "8"]
[White "Martynyuk, Elizaveta"]
[Black "Beznosikov, Vladimir"]
[Result "0-1"]
[WhiteElo "2031"]
[BlackElo "2298"]
[PlyCount "102"]
[EventDate "2015.10.03"]
[EventType "swiss"]
[EventRounds "9"]
[EventCountry "RUS"]
[SourceTitle "CBM 168 Extra"]
[Source "ChessBase"]
[SourceDate "2015.10.29"]
[SourceVersion "1"]
[SourceVersionDate "2015.10.29"]
[SourceQuality "1"]

1. e4 d5 2. exd5 Nf6 3. d4 Nxd5 4. c4 Nb6 5. Nf3 e6 6. Nc3 Be7 7. c5 Nd5 8. Bc4 Nxc3 9. bxc3 0-0 10. 0-0 b6 11. cxb6 axb6 12. Bf4 Bb7 13. Qe2 Nd7 14. Rfe1 Nf6 15. Ne5 Nd5 16. Bd2 c5 17. dxc5 Bxc5 18. Rad1 Qc7 19. Qg4 Bd6 20. Nf3 Nf6 21. Qd4 Rfd8 22. Qh4 Ra4 23. Bf4 Rxc4 24. Rxd6 h6 25. Red1 Rxd6 26. Bxd6 Rxh4 27. Bxc7 Bxf3 28. Rd8+ Kh7 29. gxf3 Nd5 30. Be5 Ra4 31. Rb8 f6 32. Bd4 Rxa2 33. h4 e5 34. Be3 Rc2 35. Bxb6 Rb2 36. Ba7 Rxb8 37. Bxb8 Nxc3 38. Kh2 Ne2 39. Bd6 h5 40. Ba3 Kg6 41. Bf8 Kf7 42. Bd6 Ke6 43. Bf8 Kf7 44. Bd6 Nd4 45. f4 e4 46. Bc5 Nf5 47. Kh3 Ke6 48. Be3 Kd5 49. Bb6 Kc4 50. Ba7 Kd3 51. Bc5 Ke2 0-1

[Event "Chigorin Memorial 23rd"]
[Site "St Petersburg"]
[Date "2015.10.09"]
[Round "7"]
[White "Beznosikov, Vladimir"]
[Black "Yakimenko, Alexander A"]
[Result "0-1"]
[WhiteElo "2298"]
[BlackElo "2090"]
[PlyCount "152"]
[EventDate "2015.10.03"]
[EventType "swiss"]
[EventRounds "9"]
[EventCountry "RUS"]
[SourceTitle "CBM 168 Extra"]
[Source "ChessBase"]
[SourceDate "2015.10.29"]
[SourceVersion "1"]
[SourceVersionDate "2015.10.29"]
[SourceQuality "1"]

1. e4 e6 2. Nf3 d5 3. Nc3 Nf6 4. e5 Ne4 5. Nb1 Bc5 6. d4 Be7 7. Bd3 b6 8. 0-0 Bb7 9. Qe2 Nd7 10. Nbd2 f5 11. exf6 Ndxf6 12. Ne5 0-0 13. Ndf3 c5 14. c3 Qe8 15. Ng5 Bd6 16. Bb5 Qe7 17. f3 Nxg5 18. Bxg5 a6 19. Bd3 c4 20. Bc2 Rae8 21. Rae1 Qc7 22. Qd2 Bc8 23. Bh4 Nd7 24. Bg3 Nxe5 25. Bxe5 Bxe5 26. Rxe5 Re7 27. Rfe1 Ref7 28. Qg5 Rf6 29. Qh4 Rh6 30. Qg3 Qf7 31. Rg5 Rf6 32. Re3 Qd7 33. h4 b5 34. h5 h6 35. Rg6 Qe7 36. Re5 Bd7 37. Rg4 Be8 38. Qe1 Qd6 39. Kf2 a5 40. a3 Bd7 41. Qd2 Rb8 42. Bb1 b4 43. axb4 axb4 44. Qc2 Rf5 45. Qc1 bxc3 46. Qxh6 Qf8 47. Re2 Rxb2 48. Bxf5 exf5 49. Rg6 Qe7 50. Qe3 Qxe3+ 51. Kxe3 c2 52. Rxc2 Rxc2 53. h6 Be8 54. Rxg7+ Kh8 55. Re7 Bg6 56. g3 Rh2 57. Rd7 c3 58. Kf4 c2 59. Rc7 Rg2 60. Ke5 Rxg3 61. Rxc2 Rxf3 62. Rc7 f4 63. Kxd5 Re3 64. Rg7 Bc2 65. Kc5 f3 66. Rf7 Kg8 67. Rf6 Be4 68. d5 Rd3 69. d6 Rd2 70. Kb6 Rd5 71. Kc7 Rc5+ 72. Kb8 Rb5+ 73. Kc7 Rb7+ 74. Kc8 Rf7 75. d7 Rxf6 76. d8Q+ Rf8 0-1

[Event "EU-ch Seniors 65 Blitz"]
[Site "Porto"]
[Date "2014.03.21"]
[Round "4"]
[White "Beznosikov, Vladimir"]
[Black "Gruzmann, Boris"]
[Result "1-0"]
[WhiteElo "2368"]
[BlackElo "2159"]
[PlyCount "83"]
[EventDate "2014.03.21"]
[EventType "swiss (blitz)"]
[EventRounds "9"]
[EventCountry "POR"]
[SourceTitle "EXT 2015"]
[Source "ChessBase"]
[SourceDate "2014.11.20"]
[SourceVersion "1"]
[SourceVersionDate "2014.11.20"]
[SourceQuality "1"]

1. e4 c5 2. Nf3 d6 3. Bb5+ Bd7 4. a4 Nc6 5. 0-0 Nf6 6. Re1 e5 7. c3 Be7 8. d4 Qc7 9. dxe5 dxe5 10. Bg5 0-0 11. Nbd2 Rad8 12. Qe2 a6 13. Bc4 Bg4 14. h3 Bh5 15. Rad1 Rd7 16. g4 Bg6 17. Nh4 Rfd8 18. Nxg6 hxg6 19. Bxf6 Bxf6 20. Bd5 Ne7 21. c4 b5 22. axb5 axb5 23. Nf3 bxc4 24. g5 Nxd5 25. exd5 e4 26. gxf6 exf3 27. Qxf3 gxf6 28. Qxf6 Qb7 29. d6 Qb3 30. Kg2 Qb7+ 31. f3 Qb3 32. Rd2 Qb4 33. Rde2 Rf8 34. h4 Qb6 35. Rd2 Qb4 36. Red1 c3 37. bxc3 Qc4 38. Kg3 Rfd8 39. Re1 Qa6 40. Re7 Qc4 41. Rde2 Rxd6 42. Re8+ 1-0

[Event "EU-ch Seniors 65 14th"]
[Site "Porto"]
[Date "2014.03.15"]
[Round "7"]
[White "Beznosikov, Vladimir"]
[Black "Schouten, Nico"]
[Result "1-0"]
[WhiteElo "2323"]
[BlackElo "2179"]
[PlyCount "123"]
[EventDate "2014.03.09"]
[EventType "swiss"]
[EventRounds "9"]
[EventCountry "POR"]
[SourceTitle "CBM 159 Extra"]
[Source "ChessBase"]
[SourceDate "2014.04.24"]
[SourceVersion "1"]
[SourceVersionDate "2014.04.24"]
[SourceQuality "1"]

1. e4 e5 2. Nf3 Nc6 3. Bc4 Nf6 4. Ng5 d5 5. exd5 Na5 6. Bb5+ Bd7 7. Qe2 Be7 8. Nc3 0-0 9. Bxd7 Qxd7 10. Nf3 e4 11. Nxe4 Nxd5 12. 0-0 Rfe8 13. d3 Rad8 14. Bd2 Bb4 15. a3 Bxd2 16. Qxd2 Nc6 17. Rfe1 b6 18. Ng3 Nf6 19. Rxe8+ Rxe8 20. Re1 Rxe1+ 21. Qxe1 h6 22. Qd2 Qd5 23. h3 a5 24. Qf4 Ne8 25. Qe4 Qd7 26. Qf5 Qd8 27. Qe4 Ne7 28. Nf5 Nxf5 29. Qxf5 Nd6 30. Qe5 Qd7 31. Qc3 Nb5 32. Qc4 Nd6 33. Qh4 Nf5 34. Qf4 Nd6 35. a4 Qe8 36. b3 Qe2 37. Qd2 Qe6 38. Qe3 Qd7 39. d4 b5 40. axb5 Qxb5 41. Qe7 Qb6 42. Qe1 Kf8 43. Qd2 Qb5 44. Qc3 Qb6 45. Qd3 Kg8 46. c4 Qb4 47. c5 Ne8 48. Qa6 Qxb3 49. Qxa5 Qd5 50. Qa7 Qd8 51. Qa2 Nf6 52. Qc4 Nd5 53. Ne5 Qa8 54. c6 Qa5 55. g3 h5 56. h4 g6 57. Kg2 Kg7 58. Nd3 Nf6 59. Nf4 Qd2 60. d5 Ne8 61. Qe4 Nd6 62. Qe7 1-0

[Event "EU-ch Seniors 65 14th"]
[Site "Porto"]
[Date "2014.03.14"]
[Round "6"]
[White "Mueller, Rudolf"]
[Black "Beznosikov, Vladimir"]
[Result "0-1"]
[WhiteElo "2190"]
[BlackElo "2323"]
[PlyCount "60"]
[EventDate "2014.03.09"]
[EventType "swiss"]
[EventRounds "9"]
[EventCountry "POR"]
[SourceTitle "CBM 159 Extra"]
[Source "ChessBase"]
[SourceDate "2014.04.24"]
[SourceVersion "1"]
[SourceVersionDate "2014.04.24"]
[SourceQuality "1"]

1. e4 d5 2. exd5 Nf6 3. Bb5+ Bd7 4. Bc4 Bg4 5. f3 Bc8 6. Nc3 Nbd7 7. Ne4 Nb6 8. Nxf6+ gxf6 9. b3 Nxd5 10. Ba3 c6 11. g3 Qa5 12. Bb2 e5 13. Qe2 Be6 14. Qe4 0-0-0 15. Ne2 Bh6 16. Bc1 Rhg8 17. c3 f5 18. Qh4 Bg5 19. Qh5 Nf6 20. Bxe6+ fxe6 21. Qh3 Qd5 22. 0-0 Bxd2 23. Qh4 Qc5+ 24. Kh1 Bxc1 25. Qxf6 Rg6 26. Qh4 Rh6 27. b4 Qe3 28. Qc4 Rd2 29. Raxc1 Rxe2 30. h4 Qd2 0-1

[Event "Komi-ch"]
[Site "Vorkuta"]
[Date "2013.02.19"]
[Round "4"]
[White "Beznosikov, Vladimir"]
[Black "Orlovtsev, Alexander"]
[Result "1-0"]
[WhiteElo "2296"]
[BlackElo "1987"]
[PlyCount "77"]
[EventDate "2013.02.16"]
[EventType "swiss"]
[EventRounds "9"]
[EventCountry "RUS"]
[SourceTitle "CBM 153 Extra"]
[Source "ChessBase"]
[SourceDate "2013.04.22"]
[SourceVersion "1"]
[SourceVersionDate "2013.04.22"]
[SourceQuality "1"]

1. Nf3 Nf6 2. c4 c5 3. Nc3 Nc6 4. d4 cxd4 5. Nxd4 g6 6. e4 d6 7. Nxc6 bxc6 8. c5 Qa5 9. cxd6 exd6 10. Bd3 Ba6 11. 0-0 Bxd3 12. Qxd3 Rd8 13. Qc4 Qb6 14. Be3 c5 15. Bg5 Be7 16. Rab1 Rd7 17. Bh6 Rg8 18. Bf4 Qb4 19. Qe2 g5 20. Bg3 d5 21. exd5 Nxd5 22. Nxd5 Rxd5 23. Rfe1 c4 24. Qe4 Qc5 25. b4 cxb3 26. Rxb3 Kf8 27. Qxh7 Qc6 28. Qe4 Bf6 29. Rd3 Rc5 30. Bd6+ Kg7 31. Bxc5 Qxc5 32. Rd5 Qb6 33. h4 Kh6 34. Qd3 Qb4 35. Re4 Qb2 36. hxg5+ Bxg5 37. Qh3+ Kg6 38. Rxg5+ Kxg5 39. Rg4+ 1-0

[Event "Komi-ch"]
[Site "Vorkuta"]
[Date "2013.02.16"]
[Round "1"]
[White "Berezovsky, Timofei"]
[Black "Beznosikov, Vladimir"]
[Result "0-1"]
[WhiteElo "1734"]
[BlackElo "2296"]
[PlyCount "78"]
[EventDate "2013.02.16"]
[EventType "swiss"]
[EventRounds "9"]
[EventCountry "RUS"]
[SourceTitle "CBM 153 Extra"]
[Source "ChessBase"]
[SourceDate "2013.04.22"]
[SourceVersion "1"]
[SourceVersionDate "2013.04.22"]
[SourceQuality "1"]

1. d4 c5 2. e3 e6 3. Nf3 Nf6 4. Bd3 d5 5. b3 Nc6 6. 0-0 Bd6 7. Bb2 0-0 8. Nbd2 Re8 9. c4 cxd4 10. exd4 b6 11. Ne5 Bb7 12. f4 dxc4 13. bxc4 Nxd4 14. Nxf7 Kxf7 15. Bxd4 Bc5 16. Bxc5 Qxd3 17. Bf2 Rad8 18. Nf3 Bxf3 19. Qxf3 Qxf3 20. gxf3 Rd3 21. c5 Nd5 22. cxb6 axb6 23. f5 Ra8 24. fxe6+ Kxe6 25. Rfe1+ Kf7 26. Red1 Rxd1+ 27. Rxd1 Ke6 28. Rb1 Ra6 29. Bd4 g6 30. Rb2 Kd6 31. Kf2 Kc6 32. Kg3 Ra4 33. Be5 Ne3 34. Re2 Nf5+ 35. Kf2 b5 36. Rd2 b4 37. Ke2 Ra3 38. Kf2 Kc5 39. Ke2 Re3+ 0-1

[Event "Ust Sysolskaya Ladya"]
[Site "Syktyvkar"]
[Date "2012.06.21"]
[Round "6"]
[White "Sheremeta, Yuri"]
[Black "Beznosikov, Vladimir"]
[Result "1/2-1/2"]
[WhiteElo "2153"]
[BlackElo "2283"]
[PlyCount "80"]
[EventDate "2012.06.17"]
[EventType "tourn"]
[EventRounds "9"]
[EventCountry "RUS"]
[SourceTitle "EXT 2013"]
[Source "ChessBase"]
[SourceDate "2012.11.22"]
[SourceVersion "1"]
[SourceVersionDate "2012.11.22"]
[SourceQuality "1"]

1. d4 Nf6 2. c4 g6 3. Nc3 d5 4. cxd5 Nxd5 5. e4 Nxc3 6. bxc3 Bg7 7. Bc4 0-0 8. Ne2 c5 9. 0-0 Qc7 10. Bf4 e5 11. dxe5 Bxe5 12. Bxe5 Qxe5 13. Qd5 Qe7 14. Qd3 Nc6 15. f4 Be6 16. Bxe6 Qxe6 17. Ng3 Rad8 18. Qe2 Na5 19. Rad1 Qc4 20. Qc2 Nc6 21. Qb3 Qxb3 22. axb3 Na5 23. b4 cxb4 24. cxb4 Nc6 25. b5 Nd4 26. Rb1 f6 27. Kf2 Rd6 28. Rb2 Rb6 29. Rfb1 Rc8 30. Ne2 Ne6 31. Ke3 Rc4 32. Rb4 Rxb4 33. Rxb4 a6 34. Nc3 Nc7 35. Kd4 axb5 36. Nd5 Rd6 37. Kc5 Rc6+ 38. Kd4 Rd6 39. Kc5 Rc6+ 40. Kd4 Rd6 1/2-1/2

[Event "Komi-ch"]
[Site "Syktyvkar"]
[Date "2012.02.19"]
[Round "9"]
[White "Beznosikov, Vladimir"]
[Black "Mironov, Vadim"]
[Result "1/2-1/2"]
[WhiteElo "2327"]
[BlackElo "2073"]
[PlyCount "67"]
[EventDate "2012.02.11"]
[EventType "swiss"]
[EventRounds "9"]
[EventCountry "RUS"]
[SourceTitle "EXT 2014"]
[Source "ChessBase"]
[SourceDate "2013.11.20"]
[SourceVersion "1"]
[SourceVersionDate "2013.11.20"]
[SourceQuality "1"]

1. e4 c6 2. d4 d5 3. exd5 cxd5 4. c4 Nf6 5. Nc3 e6 6. Bf4 dxc4 7. Bxc4 Bd6 8. Bxd6 Qxd6 9. Nf3 0-0 10. 0-0 b6 11. Qe2 Bb7 12. Rfd1 Nbd7 13. Ba6 Bxa6 14. Qxa6 Nb8 15. Qe2 Nc6 16. Rac1 Rfc8 17. a3 Nd5 18. Ne4 Qf4 19. g3 Qg4 20. Nd6 Rc7 21. Qe4 Qxe4 22. Nxe4 Rac8 23. Kf1 Na5 24. Rxc7 Rxc7 25. b4 Nc4 26. Ra1 h6 27. Ned2 Nb2 28. Ne1 Rc3 29. Ra2 Na4 30. Ra1 Kf8 31. Ke2 Nb2 32. Ra2 Nc4 33. Rc2 Rxc2 34. Nxc2 1/2-1/2

[Event "St Petersburg-ch Seniors"]
[Site "St Petersburg"]
[Date "2012.01.30"]
[Round "3"]
[White "Marinin, Viktor"]
[Black "Beznosikov, Vladimir"]
[Result "0-1"]
[WhiteElo "1964"]
[BlackElo "2327"]
[PlyCount "90"]
[EventDate "2012.01.27"]
[EventType "swiss"]
[EventRounds "9"]
[EventCountry "RUS"]
[SourceTitle "EXT 2013"]
[Source "ChessBase"]
[SourceDate "2012.11.22"]
[SourceVersion "1"]
[SourceVersionDate "2012.11.22"]
[SourceQuality "1"]

1. d4 c5 2. d5 g6 3. c4 Bg7 4. e4 d6 5. Nc3 f5 6. Bd3 fxe4 7. Nxe4 Nf6 8. Nf3 Nxe4 9. Bxe4 0-0 10. Ng5 Rf6 11. h4 h6 12. Nf3 Bf5 13. Qd3 Qf8 14. Bd2 Nd7 15. 0-0 Qf7 16. Rae1 Re8 17. Qb3 e5 18. Ng5 hxg5 19. hxg5 Bxe4 20. gxf6 Nxf6 21. f4 exf4 22. Rxf4 g5 23. Rf2 Qh5 24. Qh3 Qxh3 25. gxh3 Bd3 26. Re6 Rxe6 27. dxe6 Bxc4 28. Bxg5 Ne8 29. Rf7 Bd4+ 30. Kh2 Be5+ 31. Kg1 Bxe6 32. Rxb7 Bxa2 33. Rxa7 Bd5 34. h4 Ng7 35. Rd7 Ne6 36. Be3 Bc6 37. Ra7 Ng7 38. Ra6 Bd5 39. Rb6 Nf5 40. Bf2 Kg7 41. h5 c4 42. Rb5 Be6 43. Rb8 Bf7 44. Rb7 Kf6 45. Be1 Bxh5 0-1

[Event "Komi-ch"]
[Site "Pechora"]
[Date "2011.02.22"]
[Round "3"]
[White "Beznosikov, Vladimir"]
[Black "Sheremeta, Yuri"]
[Result "1/2-1/2"]
[WhiteElo "2323"]
[BlackElo "2132"]
[PlyCount "39"]
[EventDate "2011.02.20"]
[EventType "swiss"]
[EventRounds "9"]
[EventCountry "RUS"]
[SourceTitle "CBM 141 Extra"]
[Source "ChessBase"]
[SourceDate "2011.05.03"]
[SourceVersion "1"]
[SourceVersionDate "2011.05.03"]
[SourceQuality "1"]

1. e4 c5 2. Nf3 e6 3. d4 cxd4 4. Nxd4 Nf6 5. Bd3 Nc6 6. Nxc6 bxc6 7. 0-0 d5 8. exd5 cxd5 9. c4 Be7 10. cxd5 Nxd5 11. Be4 0-0 12. Nc3 Ba6 13. Nxd5 exd5 14. Bd3 Bb7 15. Qf3 Qb6 16. Be3 d4 17. Bxd4 Qxd4 18. Qxb7 Bf6 19. Qe4 Qxe4 20. Bxe4 1/2-1/2